[Event "Let's Play Chess!"]
[Site "http://www.queenalice.com/game.php?id=1557441"]
[Date "2019.1.22"]
[Round "-"]
[White "igorjava"]
[Black "carmeloantony"]
[Result "0-1"]
[WhiteElo "2028"]
[BlackElo "1631"]

1. e4 d5 2. exd5 Qxd5 3. Nc3 Qd8 4. d4 Nf6 5. h3 e6 6. Nf3 Nc6 7. Bb5 Bd7 8. O-O
Qe7 9. Ne2 O-O-O 10. c3 Ne4 11. Qc2 f5 12. Ng3 Nxg3 13. fxg3 h6 14. b4 g5 15. a4
g4 16. Bxc6 Bxc6 17. Ne5 Be4 18. Qb3 Rg8 19. h4 Bg7 20. Bf4 h5 21. b5 Rd6 22.
Ng6 Qf6 23. Bxd6 Qxg6 24. Bf4 Rd8 25. a5 Qe8 26. b6 a6 27. bxc7 Rd5 28. Rf2 Rb5
29. Qa3 Bf8 30. Qa2 Rd5 31. Rb2 Qc6 32. Rab1 Bxb1 33. Qxb1 Rxa5 34. Rb3 b5 35.
Qb2 Qe4 36. c4 Qe1+ 37. Kh2 Ra1 0-1

[Event "AUTO-ADV-4125"]
[Site "http://www.queenalice.com/game.php?id=1557891"]
[Date "2019.1.24"]
[Round "1"]
[White "phystutordotcom"]
[Black "carmeloantony"]
[Result "1-0"]
[WhiteElo "2150"]
[BlackElo "1689"]

1. Nf3 d5 2. d4 c5 3. c4 Nc6 4. cxd5 Qxd5 5. Nc3 Qd8 6. d5 Nb4 7. e4 Nf6 8. a3
Na6 9. e5 Nd7 10. e6 fxe6 11. dxe6 Nf6 12. Bb5+ Nd7 13. Ne5 Nb8 14. Qf3 Qb6 15.
Qf7+ Kd8 16. Bf4 Nc6 17. Nxd7 Bxd7 18. exd7 e5 19. Qe8+ Kc7 20. Nd5+ 1-0

[Event "AUTO-ADV-4125"]
[Site "http://www.queenalice.com/game.php?id=1557892"]
[Date "2019.1.24"]
[Round "1"]
[White "carmeloantony"]
[Black "phystutordotcom"]
[Result "0-1"]
[WhiteElo "1684"]
[BlackElo "2203"]

1. g3 Nc6 2. Bg2 e5 3. e4 Bc5 4. Nf3 d6 5. O-O Nf6 6. d3 O-O 7. Be3 Bxe3 8. fxe3
Ne7 9. Nc3 c6 10. d4 Ng6 11. Kf2 Ng4+ 12. Ke2 exd4 13. Qxd4 b6 14. Rad1 Ba6+ 15.
Kd2 Bxf1 16. Rxf1 Qc7 17. h4 N6e5 18. Kc1 b5 19. h5 Rfb8 20. Rd1 Nc4 21. Ng5
Ngxe3 22. Rg1 h6 23. b3 hxg5 24. bxc4 Nxg2 25. Rxg2 bxc4 26. Rh2 Qb6 27. Rd2
Qxd4 28. Rxd4 Rd8 29. Rxc4 Rac8 30. Ne2 d5 31. exd5 cxd5 32. Rg4 f6 33. Nd4 Rc4
34. Kd2 f5 35. Rxg5 Rxd4+ 36. Ke3 Re4+ 37. Kf3 Rf8 38. Rg6 Rf6 39. Rg5 Rg4 40.
Rxg4 fxg4+ 41. Kxg4 Rc6 0-1

[Event "AUTO-ADV-4125"]
[Site "http://www.queenalice.com/game.php?id=1557905"]
[Date "2019.1.24"]
[Round "1"]
[White "Bigchess"]
[Black "carmeloantony"]
[Result "1-0"]
[WhiteElo "1858"]
[BlackElo "1612"]

1. d4 Nf6 2. e3 d5 3. Nf3 Nc6 4. Bd3 h6 5. Nc3 a6 6. Qe2 Be6 7. a3 Qd7 8. Bd2
O-O-O 9. Ne5 Nxe5 10. dxe5 d4 11. exf6 dxc3 12. Bxc3 exf6 13. Rb1 Qc6 14. f3 Qb6
15. Bd4 Rxd4 16. exd4 Bxa3 17. O-O Qxd4+ 18. Kh1 Bxb2 19. Rfd1 1-0

[Event "AUTO-ADV-4125"]
[Site "http://www.queenalice.com/game.php?id=1557906"]
[Date "2019.1.24"]
[Round "1"]
[White "carmeloantony"]
[Black "Bigchess"]
[Result "0-1"]
[WhiteElo "1628"]
[BlackElo "1851"]

1. c4 e5 2. Nc3 d6 3. d4 exd4 4. Qxd4 Nc6 5. Qd1 Nf6 6. e4 Be7 7. Bd3 a6 8. Bd2
Ne5 9. Be2 b6 10. Nf3 Be6 11. Bf4 Nxf3+ 12. gxf3 c5 13. Nd5 Nxd5 14. cxd5 Bd7
15. Qc2 Bf6 16. Bxd6 Bd4 17. Rg1 Qh4 18. O-O-O Bxf2 19. Rxg7 Bd4 0-1

[Event "AUTO-ADV-4125"]
[Site "http://www.queenalice.com/game.php?id=1557913"]
[Date "2019.1.24"]
[Round "1"]
[White "Canaye"]
[Black "carmeloantony"]
[Result "1-0"]
[WhiteElo "1808"]
[BlackElo "1689"]

1. d4 d5 2. c4 Nf6 3. Nc3 e6 4. cxd5 exd5 5. h3 Nc6 6. Bf4 a6 7. e3 Bd7 8. Bd3
Bd6 9. Bxd6 cxd6 10. Nge2 h6 11. Nf4 Nb4 12. Bb1 Qb6 13. a3 Nc6 14. b4 Nxb4 15.
O-O Nc6 16. Bd3 O-O-O 17. Nfxd5 Qa5 18. Nxf6 gxf6 19. Ne4 d5 20. Nd6+ 1-0

[Event "AUTO-ADV-4125"]
[Site "http://www.queenalice.com/game.php?id=1557914"]
[Date "2019.1.24"]
[Round "1"]
[White "carmeloantony"]
[Black "Canaye"]
[Result "0-1"]
[WhiteElo "1654"]
[BlackElo "1819"]

1. d4 e6 2. Nf3 d5 3. c4 c5 4. Nc3 Nc6 5. e3 cxd4 6. Nxd4 Ne5 7. Be2 dxc4 8. f4
Ng6 9. Qa4+ Bd7 10. Qxc4 Rc8 11. Qb3 b6 12. Ndb5 a6 13. Nd4 Nf6 14. Bxa6 Ra8 15.
Bb5 Bc5 16. Nc6 Qc7 17. Nd4 O-O 18. Bd2 Bxd4 19. exd4 Bxb5 20. Qxb5 Ra5 0-1